MODERN APPROACH TO PRACTICAL CHEMISTRY (Record no. 9243)

MARC details
000 -LEADER
fixed length control field 00499nam a22001457a 4500
003 - CONTROL NUMBER IDENTIFIER
control field SGT
082 ## - DEWEY DECIMAL CLASSIFICATION NUMBER
Classification number 540, MAD
100 ## - MAIN ENTRY--PERSONAL NAME
Personal name KIRAN S.
245 ## - TITLE STATEMENT
Title MODERN APPROACH TO PRACTICAL CHEMISTRY
260 ## - PUBLICATION, DISTRIBUTION, ETC. (IMPRINT)
Place of publication, distribution, etc NEW DELHI
Name of publisher, distributor, etc MODEARN
Year of Publication 2014
300 ## - PAGE DESCRIPTION
No. of Pages 207
650 ## - SUBJECT ADDED ENTRY--TOPICAL TERM
Topical term or geographic name as entry element CHEMISTRY & ALLIED SCIENCE
653 ## - KEYWORDS--INDEX TERM
Keyword term GENERAL INTRODUCTION , VOLUMETRIC ANALYSIS-APPARATUS AND TECHNIQUES, POTASSIUM PERMANGANATE TITRATIONS, IODINE TITRATIONS, CHEMICAL KINETICS, COLLOIDS, SURFACE TENSION
942 ## - ADDED ENTRY ELEMENTS (KOHA)
Source of classification or shelving scheme Dewey Decimal Classification
Koha item type FPS Books
942 ## - ADDED ENTRY ELEMENTS (KOHA)
-- 2
Holdings
Withdrawn status Lost status Source of classification or shelving scheme Damaged status Not for loan Home library Current library Shelving location Date acquired Vendor Name Cost, normal purchase price SGTU Bill Number Total Checkouts Full call number Accession No. (Barcode) Date last seen Date last borrowed Bill Date Koha item type
    Dewey Decimal Classification     SGT Science & Social Sciences Library SGT Science & Social Sciences Library Text Book 27/06/2016 BANSAL BOOKS DEP. 410.00 SGTU 791 10 540, MAD PS634 19/07/2025 19/07/2025 09/03/2015 FPS Books
    Dewey Decimal Classification     SGT Science & Social Sciences Library SGT Science & Social Sciences Library Text Book 27/06/2016 BANSAL BOOKS DEP. 410.00 SGTU 791 5 540, MAD PS635 03/12/2018 19/11/2018 09/03/2015 FPS Books